Rome, Solann paroles - Statistiques

Statistiques générales
  • Ce quiz a été pris 144 fois
  • Le résultat moyen est 220 sur 263
Statistiques - réponses
Réponse % Correct
À
100%
à
100%
a
100%
Qui
100%
qui
100%
un
100%
Rome
99%
une
99%
ces
98%
chienne,
98%
chienne
98%
comme
98%
de
98%
élevé
98%
le
98%
les
98%
Les
98%
c'est
96%
des
96%
Des
96%
hommes
96%
Je
96%
je
96%
m'a
96%
ma
96%
Mais
96%
me
96%
moi
96%
putes
96%
au
95%
se
95%
rêves
94%
la
93%
loup
93%
sens
93%
agneau
91%
cou
91%
et
91%
Et
91%
son
90%
dit
89%
lui
89%
traité
89%
on
88%
On
88%
pardon
88%
portent
88%
trop
88%
86%
86%
compte
85%
fois
85%
plus
85%
mea-culpa
84%
même
84%
offrir
83%
sa
83%
D'avoir
81%
non
81%
chaîne
75%
si
75%
du
74%
pris
73%
reines
73%
doit
71%
entre
71%
robe
71%
rois
71%
rouge
71%
Cette
70%
leur
70%
marcher
70%
tacher
70%
été
69%
genoux
69%
lent
69%
silence
69%
pelle
68%
prix
68%
résisté
68%
tuent
68%
langue
66%
place
66%
vu
65%
mangerai
64%
mes
64%
Mes
64%
doivent
63%
nuits
60%
ville
58%
Qu'on
56%
debout
54%
rende
54%
minuit
53%
préfèrent
53%
soleils
53%
cracher
51%
venin
51%
hyènes
50%
insomnies
50%
Certains
49%
supplier
49%
sur
49%
n'veux
48%
rats,
44%
Sans
44%
vautours
44%
cuisse
43%
sous
41%
lumières
40%
pose
40%
comblent
39%
d'une
39%
main
39%
l'ombre
38%
fêtes
36%
rues
33%
flotte
30%
jungle
25%
Aucun quiz correspondant
Distribution des résultats
% des personnes avec chaque résultat
Percentile par nombre de réponses
Votre historique - résultats
Vous n’avez pas pris ce quiz